000 00268nam a2200109Ia 4500
008 220204s9999 xx 000 0 und d
082 _a82-3
_bCOL
100 _aCollodi, Carlo
245 4 _aThe Adventures of Pinocchio
260 _aNew York
_bAirmont
_c1966
942 _cBK
999 _c38232
_d38232